| 000 | 00664nam a2200217Ii 4500 | ||
|---|---|---|---|
| 003 | JO-AjNU | ||
| 008 | 230605s9999||||xx |||||||||||||| ||und|| | ||
| 017 | _a19855 | ||
| 020 | _a977-386-157-0 | ||
| 040 |
_aJO-AjNU _bara _erda _cJO-AjNU |
||
| 041 | _aara | ||
| 050 | 1 | 4 | _aQA76.76.I59.S24 |
| 100 | 3 |
_aسلامه، عبد العزيز محمد, _eauthor _944557 |
|
| 245 | 0 | 0 | _aMacromedia Director Mx2004 |
| 264 | 3 | 1 | _aمصر:دارالكتب القانونيه ، د.ت |
| 300 | _a444ص | ||
| 336 |
_atext _btxt _2rdacontent |
||
| 337 |
_aunmediated _bn _2rdamedia |
||
| 338 |
_avolume _bnc _2rdacarrier |
||
| 650 | 4 |
_aالوسائط المتعددة _944558 |
|
| 999 |
_aA19248 _c22816 _d22816 |
||